000 00594nam a2200217Ia 4500
003 OSt
005 20221007082841.0
006 a|||||r|||| 00| 0
007 ta
008 221006b |||||||| |||| 00| 0 eng d
024 _a30,323
037 _cDissertations
040 _aFLL
_cFLL
_beng
041 _2eng
_aeng
100 _aAbdureshid Abdulkadir Ahmed
_9699639
245 0 _aHumanitarian intervention with reference to the role of African union
260 _c2008
300 _axxxv,97p
_ccm.
942 _cDIS
_2CC
999 _c1167950
_d1167950